000 00270nam a2200097Ia 4500
082 _a330|ILLE
245 0 _aStarting your own business
100 _a Illetschko, Kurt South Africa, 2011 1st ed
_968977
942 _cBK
008 210817s9999 xx 000 0 und d
999 _c222888
_d222887